LEADER 00764nam a2200205 i 4500 001 000000258412 003 CaOOAMICUS 005 20180509000000.0 008 180509s1796 xx u000 u fre u 013 $a237320 026 $ansde e.nt 2.3. pefi (3) 1796 (F) 040 $aSeMil$bita 245 10$aTome 5. 300 $a[2], 363, [1] p. 773 0 $tHistoire des Suisses, traduite de l'Allemand de Jean Muller. Continuée par P. H. Mallet ... Tome 1. [-12.].$dA Lausanne en Suisse : Chez J. Mourer, An III. de la Rép. Fr. (1795)$g5$w()33293 850 $aSeMil 852 $aSeMil$W1$xVenegono$y1$m3V VII 225 FA$j208758$B208758$CSeMilBibl$Z2$F222446 $8I 941 1 $a10 961 $aRecupero: Mantegazza 996 $6245$aTome 5$9(OLS)http://semarc/title/1596 LEADER 01076nam a2200229 i 4500 001 000000186476 003 CaOOAMICUS 005 20100301000000.0 008 100301s1967 sp u000 u spa u 013 $a164524 040 $aSeMil$bita 100 1 $aSierra Bravo, Restituto.$0(OLS)http://semarc/name/68465 245 10$aDoctrina social y economica de los padres de la Iglesia :$bcoleccion general de documentos y textos /$cRestituto Sierra Bravo ; prefacio por el Rvdo. P. Florentino Del Valle. 260 $aMadrid :$bCOMPI,$c1967. 300 $a1056 p. ;$c22 cm. 490 0 $aBiblioteca Fomento social 700 1 $aDel Valle, Florentino.$0(OLS)http://semarc/name/68466 830 0$aBiblioteca Fomento social.$0(OLS)http://semarc/title/13913 850 $aSeMil 852 $aSeMil$W1$xVenegono$y1$m2T I 218$j137163$B137163$CSeMilBibl$Z2$F148734 $81 996 $6245$aDoctrina social y economica de los padres de la Iglesia :$bcoleccion general de documentos y textos$9(OLS)http://semarc/title/268076 996 $6260$aMadrid :$bCOMPI$9(OLS)http://semarc/publisher/49925